Materiales plásticos y arquitectura experimental

Guardat en:
Dades bibliogràfiques
Autor principal: Quarmby, Arthur (Autor)
Format: Llibre
Idioma:espanyol
Publicat: Barcelona Gustavo Gili 1976
Matèries:
Etiquetes: Afegir etiqueta
Sense etiquetes, Sigues el primer a etiquetar aquest registre!

MARC

LEADER 00000nam a2200000 a 4500
001 UCV9231
003 CL-VaPUC
008 920714e19760000SP |||||||||||||||||spa|d
082 0 4 |a 691.92  |b QUA  |2 21 
100 0 |a Quarmby, Arthur  |e author  |9 303226 
245 1 0 |a Materiales plásticos y arquitectura experimental 
300 |a 215 p 
942 |c BK 
945 |d 19920714 00:00:00 
260 |a Barcelona  |b Gustavo Gili  |c 1976 
650 7 |a PLASTICOS EN LA CONSTRUCCION  |2 CL-VaPUC  |9 266369 
583 |a last modification  |c 19920714 00:00:00  |k Rodrigo Vera 
999 |c 214600  |d 214598 
952 |0 0  |1 0  |4 0  |6 691_920000000000000_QUA_1976  |7 0  |8 A  |9 198159  |a BIBARQ  |b BIBARQ  |d 2019-11-14  |i 2657112  |l 4  |o 691.92 QUA 1976  |p 2657112  |r 2025-01-20  |s 2024-05-09  |w 2019-11-14  |y BK  |k ARQ